Länder mit den meisten Metal-Bands - Statistiken

Allgemein
  • Dieses Quiz wurde 549 mal gespielt
  • Das Durchschnittsergebnis liegt bei 20 aus 26
Antwortstatistiken
Gesamt Für 100,000 Land % Korrekt
10,939 13.27 Deutschland
100%
27,420 Vereinigte Staaten
100%
4,631 46.07 Schweden
97%
31.64 Norwegen
96%
3,896 70.05 Finnland
95%
5,133 Frankreich
93%
4,107 Russland
93%
3,666 Spanien
91%
6,528 Italien
90%
5,211 Vereinigtes Königreich
89%
4,180 Kanada
88%
3,501 Polen
88%
6,109 Brasilien
85%
17.37 Dänemark
85%
13.79 Österreich
83%
2,879 Mexiko
81%
2,595 Australien
77%
2,409 14.06 Niederlande
75%
13.87 Tschechien
72%
39.93 Island
71%
15.80 Estland
62%
18.17 Griechenland
60%
14.57 Luxemburg
56%
13.98 Slowenien
51%
33.85 Liechtenstein
46%
16.39 Malta
30%
Keine übereinstimmenden Quizze gefunden
Verteilung der Resultate
Anzahl Personen mit jedem Resultat
Perzentil nach korrekt beantworteten Fragen
Ihre Resultats-Entwicklung
Sie haben dieses Quiz noch nicht gespielt